[Event "Motor City Open"]
[Site "Warren, MI"]
[Date "2001.11.25"]
[Round "6.21"]
[White "Holden, Anthony"]
[Black "Kaercher, Ken"]
[Result "0-1"]
[WhiteElo "1503"]
[BlackElo "1124"]
[PlyCount "102"]
[EventDate "2001.11.23"]

1. d4 d5 2. e3 Nf6 3. Bd3 e6 4. Nd2 c5 5. c3 Nc6 6. f4 c4 7. Bc2 b5 8. Ngf3 a5
9. Ne5 Bb7 10. Qf3 b4 11. Ba4 Qc7 12. f5 O-O-O 13. fxe6 fxe6 14. Qh3 Re8 15.
O-O Bd6 16. Ndf3 h6 17. Bd2 Ne4 18. Be1 Kb8 19. cxb4 axb4 20. Bb5 Ng5 21. Qh5
Ref8 22. Bg3 Nxe5 23. Nxe5 Rxf1+ 24. Rxf1 Ka7 25. a4 c3 26. bxc3 bxc3 27. Qd1
Ne4 28. Rf7 c2 29. Qc1 Ba3 30. Rxc7 Bxc1 31. Rxc2 Bxe3+ 32. Kf1 Rf8+ 33. Ke2
Bxd4 34. Rc7 Nxg3+ 35. hxg3 Bxe5 36. Re7 Bxg3 37. a5 Rf2+ 38. Ke3 Rb2 39. Bc6
Ka6 40. Bd7 e5 41. Rxg7 Bf4+ 42. Kd3 Kxa5 43. Kc3 e4 44. Kd4 Rd2+ 45. Kc5 Be3+
46. Kd6 Kb6 47. Bh3 Bf4+ 48. Ke7 e3 49. Rg6+ Kc5 50. g3 Bg5+ 51. Kf7 e2 0-1

[Event "Motor City Open"]
[Site "Warren, MI"]
[Date "2001.11.25"]
[Round "6.2"]
[White "Herreshoff, Matt"]
[Black "Livschitz, Louiza"]
[Result "1-0"]
[WhiteElo "1732"]
[BlackElo "1590"]
[PlyCount "45"]
[EventDate "2001.11.23"]

1. c4 e5 2. g3 c6 3. d4 Bb4+ 4. Bd2 Qe7 5. dxe5 Bxd2+ 6. Qxd2 Qxe5 7. Nf3 Qe7
8. Nc3 Nf6 9. Bg2 O-O 10. O-O d6 11. Rad1 Be6 12. b3 d5 13. cxd5 Bxd5 14. Nxd5
Nxd5 15. Rfe1 Na6 16. e4 Nb6 17. Nd4 Rad8 18. Nf5 Qf6 19. Qf4 Nc5 20. e5 Qe6
21. Rxd8 Rxd8 22. Qg5 Kf8 23. Qxd8+ 1-0

[Event "National Chess Congress"]
[Site "Philadelphia, PA"]
[Date "2001.11.25"]
[Round "5"]
[White "Finegold, Ben"]
[Black "Schneider, Dmitry"]
[Result "0-1"]
[WhiteElo "2640"]
[BlackElo "2524"]
[PlyCount "34"]
[EventDate "2001.11.23"]

1. d4 d5 2. c4 e6 3. Nc3 c6 4. Bf4 dxc4 5. e3 b5 6. a4 Nf6 7. axb5 cxb5 8. Nxb5
Bb4+ 9. Nc3 Nd5 10. Qc2 Nxf4 11. Qa4+ Nc6 12. Qxc6+ Bd7 13. Qxc4 Nd5 14. Nge2
Rc8 15. Qd3 Qb6 16. Qa6 Nxc3 17. Qxb6 Nb5+ 0-1

[Event "Motor City Open"]
[Site "Warren, MI"]
[Date "2001.11.25"]
[Round "6.16"]
[White "Cox, Nick"]
[Black "Hubbard, Andrew"]
[Result "0-1"]
[WhiteElo "1411"]
[BlackElo "1713"]
[PlyCount "126"]
[EventDate "2001.11.23"]

1. e4 e6 2. d4 d5 3. Nc3 Nf6 4. Bg5 Be7 5. Bd3 dxe4 6. Nxe4 Nxe4 7. Bxe7 Qxe7
8. Bxe4 Qb4+ 9. c3 Qxb2 10. Ne2 c6 11. O-O Qb6 12. Qd3 Qc7 13. c4 Nd7 14. d5
Nc5 15. Qe3 Nxe4 16. Qxe4 O-O 17. Nf4 exd5 18. cxd5 Bg4 19. h3 Bd7 20. Rad1 Qd6
21. Qd4 cxd5 22. Nxd5 Bc6 23. Rfe1 Bxd5 24. Re5 Rad8 25. Rxd5 Qxd5 26. Qxd5
Rxd5 27. Rxd5 b6 28. Rd7 Ra8 29. Kf1 g6 30. Ke2 Kg7 31. Ke3 Kf6 32. Kd4 Ke6 33.
Rc7 Rd8+ 34. Ke3 Rd7 35. Rc8 h5 36. f4 Re7 37. Rd8 Rd7 38. Rc8 Kd6 39. g3 Rc7
40. Rd8+ Kc5 41. g4 hxg4 42. hxg4 a5 43. Ke4 Re7+ 44. Kf3 Kb4 45. Rb8 b5 46.
Rb6 a4 47. f5 gxf5 48. gxf5 Kc4 49. Kf4 b4 50. Kg5 b3 51. axb3+ axb3 52. Kf6
Rc7 53. Rb8 Kc3 54. Rf8 b2 55. Rxf7 Rxf7+ 56. Kxf7 b1=Q 57. f6 Qh7+ 58. Ke8
Qg8+ 59. Ke7 Qg5 60. Ke6 Kd4 61. f7 Qd8 62. Kf5 Qf8 63. Kf6 Kd5 0-1

[Event "Motor City Open"]
[Site "Warren, MI"]
[Date "2001.11.25"]
[Round "6.24"]
[White "Brothers, Alex"]
[Black "Mandell, Sheldon"]
[Result "0-1"]
[WhiteElo "751"]
[BlackElo "1346"]
[PlyCount "70"]
[EventDate "2001.11.23"]

1. c4 e5 2. e4 Nc6 3. d3 Bc5 4. Be3 Nd4 5. Nf3 Ne7 6. Nc3 Nec6 7. Be2 d6 8. h3
Nb4 9. Nxd4 exd4 10. Bg4 Bxg4 11. Qxg4 dxe3 12. fxe3 Nc2+ 13. Kd1 Nxe3+ 14. Ke1
Nxg4 15. hxg4 Qf6 16. Rf1 Qh4+ 17. Kd1 Qxg4+ 18. Ne2 O-O 19. g3 f5 20. Rf4 Qh5
21. Kd2 fxe4 22. Rxe4 Rf2 23. Re1 Bb4+ 24. Kd1 Bxe1 25. Kxe1 Rxe2+ 26. Rxe2 Re8
27. Rxe8+ Qxe8+ 28. Kd2 b5 29. b3 bxc4 30. dxc4 d5 31. c5 d4 32. Kd3 Qe3+ 33.
Kc4 c6 34. a4 a5 35. g4 Qc3# 0-1

[Event "Michigan Action"]
[Site "Warren, MI"]
[Date "2001.12.08"]
[Round "6.3"]
[White "Wilson, Vester"]
[Black "West, Tony"]
[Result "1-0"]
[WhiteElo "2135"]
[BlackElo "1841"]
[PlyCount "65"]
[EventDate "2001.12.08"]

1. e4 c5 2. Nf3 Nc6 3. d4 cxd4 4. Nxd4 Nf6 5. Nc3 e5 6. Ndb5 d6 7. Bg5 a6 8.
Bxf6 gxf6 9. Na3 b5 10. Nd5 f5 11. Bd3 Be6 12. O-O Rc8 13. c3 Qg5 14. f4 Qd8
15. Qh5 Bg7 16. Rad1 h6 17. Bb1 fxe4 18. Bxe4 Ne7 19. fxe5 Bxe5 20. Nf6+ Bxf6
21. Rxf6 Qb6+ 22. Kh1 Rc5 23. Qf3 Rg5 24. Qf4 Rg4 25. Qf3 Rg5 26. Rd2 d5 27.
Bb1 Re5 28. Rd1 Rg5 29. Re1 Rhg8 30. g3 R8g7 31. Nc2 Qc6 32. Nd4 Qd7 33. Nxe6
1-0

[Event "Michigan Action"]
[Site "Warren, MI"]
[Date "2001.12.08"]
[Round "2.7"]
[White "Whatling, David"]
[Black "Skidmore, Mike"]
[Result "0-1"]
[WhiteElo "807"]
[BlackElo "1841"]
[PlyCount "48"]
[EventDate "2001.12.08"]

1. e4 c6 2. d4 d5 3. e5 Bf5 4. Bd3 Bxd3 5. Qxd3 e6 6. Nf3 Nd7 7. c4 dxc4 8.
Qxc4 Nb6 9. Qc2 Ne7 10. O-O Nf5 11. Rd1 Be7 12. Nc3 O-O 13. Ne2 Rc8 14. Ne1 Nd5
15. Nc3 Bb4 16. Nxd5 cxd5 17. Qe2 Bxe1 18. Qxe1 Rc2 19. Rd2 Qa5 20. Kf1 Qb5+
21. Qe2 Qxe2+ 22. Kxe2 Rfc8 23. Kd1 Rxd2+ 24. Bxd2 Nxd4 0-1

[Event "Michigan Action"]
[Site "Warren, MI"]
[Date "2001.12.08"]
[Round "5.5"]
[White "West, Tony"]
[Black "Laurin, Edward"]
[Result "1-0"]
[WhiteElo "1841"]
[BlackElo "1636"]
[PlyCount "67"]
[EventDate "2001.12.08"]

1. e4 d6 2. d4 Nf6 3. Nc3 g6 4. f4 Bg7 5. Nf3 c5 6. Bc4 a6 7. dxc5 Qa5 8. Bd2
Qxc5 9. Qe2 Nc6 10. Bb3 Bg4 11. Be3 Qa5 12. O-O O-O 13. h3 Bxf3 14. Qxf3 Nd7
15. Rad1 Nc5 16. Bd5 Nb4 17. Bb3 Nc6 18. g4 Nxb3 19. axb3 Bxc3 20. bxc3 Qxc3
21. Rf2 Rac8 22. h4 b5 23. h5 Qg7 24. Rg2 Kh8 25. g5 h6 26. gxh6 Qxh6 27. hxg6
Rg8 28. Rh2 Rxg6+ 29. Kh1 Qxh2+ 30. Kxh2 Rh6+ 31. Kg2 Rg8+ 32. Kf1 Rg7 33. Rd2
Rgh7 34. Rg2 1-0

[Event "Michigan Action"]
[Site "Warren, MI"]
[Date "2001.12.08"]
[Round "3.6"]
[White "Vlacic, Sretko"]
[Black "Smeckert, Dennis"]
[Result "1-0"]
[WhiteElo "1611"]
[BlackElo "1260"]
[PlyCount "75"]
[EventDate "2001.12.08"]

1. d4 g6 2. Nf3 d6 3. Bf4 Bg7 4. e3 c6 5. c3 Nd7 6. Nbd2 Ngf6 7. h3 a5 8. a4
O-O 9. Be2 Nb6 10. O-O Bf5 11. Nh4 Be4 12. Bg5 h6 13. Bxf6 Bxg2 14. Bxg7 Bxf1
15. Bxf8 Bxe2 16. Qxe2 Kxf8 17. Qf3 Kg7 18. e4 e6 19. Qg3 Qd7 20. Kh2 Re8 21.
b3 g5 22. Rg1 f5 23. Nhf3 f4 24. Qxf4 Rf8 25. Qg4 Qf7 26. Rg2 Kh7 27. h4 Qf4+
28. Qxf4 gxf4 29. c4 Nd7 30. e5 c5 31. exd6 cxd4 32. Nxd4 e5 33. Ne6 Rf7 34.
Ne4 f3 35. Rg3 Kh8 36. Rg6 Nf8 37. Rxh6+ Nh7 38. N4g5 1-0

[Event "Michigan Action"]
[Site "Warren, MI"]
[Date "2001.12.08"]
[Round "2.9"]
[White "Sowa, Jason"]
[Black "Obukhov, Dmitriy"]
[Result "0-1"]
[WhiteElo "626"]
[BlackElo "2079"]
[PlyCount "72"]
[EventDate "2001.12.08"]

1. e4 e6 2. d4 d5 3. e5 c5 4. Nf3 Nc6 5. Bb5 Bd7 6. dxc5 Bxc5 7. O-O Nxe5 8.
Nxe5 Bxb5 9. Qf3 Qf6 10. Qxf6 Nxf6 11. Re1 O-O 12. Nc3 Bc6 13. Nxc6 bxc6 14.
Be3 Bxe3 15. Rxe3 d4 16. Rd3 dxc3 17. Rxc3 Rac8 18. Re1 Rfd8 19. h3 c5 20. Ra3
Rd7 21. Ree3 Nd5 22. Red3 c4 23. Rd1 c3 24. bxc3 Rdc7 25. Rc1 Nxc3 26. Kh1 g6
27. Re1 Nb5 28. Rb3 Nd4 29. Rb2 Nxc2 30. Rc1 Nd4 31. Rxc7 Rxc7 32. Rd2 Rc4 33.
Rb2 Ra4 34. Rd2 Nb5 35. Rd8+ Kg7 36. Rb8 Nc3 0-1

[Event "Michigan Action"]
[Site "Warren, MI"]
[Date "2001.12.08"]
[Round "5.9"]
[White "Smeckert, Dennis"]
[Black "Aldrich, Justin"]
[Result "0-1"]
[WhiteElo "1260"]
[BlackElo "1589"]
[PlyCount "60"]
[EventDate "2001.12.08"]

1. e4 e5 2. Nc3 Nf6 3. d3 h6 4. h3 Nc6 5. g3 Bc5 6. Nge2 d6 7. Bg2 a6 8. O-O
O-O 9. g4 Nh7 10. Ng3 Ne7 11. Nce2 c6 12. Kh1 Ng6 13. f4 exf4 14. Nxf4 Nh4 15.
d4 Bb6 16. Be3 Nxg2 17. Kxg2 Re8 18. Qd2 Nf6 19. Nfh5 Nxe4 20. Nxe4 Rxe4 21.
Bxh6 Rxd4 22. Qf2 Rxg4+ 23. hxg4 Bxf2 24. Rxf2 gxh6 25. Raf1 Be6 26. Nf6+ Kh8
27. Rh1 Qf8 28. Kg3 Qg7 29. Rh5 Rg8 30. Nxg8 Qxg4+ 0-1

[Event "Michigan Action"]
[Site "Warren, MI"]
[Date "2001.12.08"]
[Round "6.10"]
[White "Skidmore, Mike"]
[Black "Mose, Greg"]
[Result "1-0"]
[WhiteElo "1841"]
[BlackElo "1527"]
[PlyCount "54"]
[EventDate "2001.12.08"]

1. e4 e5 2. Nf3 d6 3. Bc4 Be7 4. O-O Nf6 5. Re1 O-O 6. d4 Nc6 7. d5 Nb8 8. Bd3
c6 9. c4 cxd5 10. cxd5 Bg4 11. Nc3 Nbd7 12. Be3 h6 13. b4 Nh7 14. a4 Bg5 15. h3
Bh5 16. g4 Bg6 17. Qd2 Bxe3 18. Qxe3 a5 19. b5 Nc5 20. Bc2 Nf6 21. g5 hxg5 22.
Qxg5 Qd7 23. Kg2 Nh5 24. Rh1 Nf4+ 25. Kg3 Rac8 26. Rae1 Nxa4 27. Nxa4 Rxc2 1-0

[Event "Michigan Action"]
[Site "Warren, MI"]
[Date "2001.12.08"]
[Round "1.8"]
[White "Skidmore, Mike"]
[Black "LaFerriere, Adam"]
[Result "1-0"]
[WhiteElo "1841"]
[BlackElo "1385"]
[PlyCount "60"]
[EventDate "2001.12.08"]

1. e4 Nf6 2. Nc3 d5 3. e5 Ne4 4. Nge2 Nxc3 5. Nxc3 e6 6. d4 Bb4 7. Qg4 Bf8 8.
Ne2 g6 9. c3 Bg7 10. Ng3 O-O 11. Bd3 b6 12. O-O Nd7 13. h4 f5 14. Qh3 c5 15.
Bg5 Qe8 16. h5 cxd4 17. cxd4 Bb7 18. Bb5 Rc8 19. Rac1 a6 20. Rxc8 Qxc8 21. Bd3
Qe8 22. Rc1 h6 23. hxg6 Qxg6 24. Be7 Re8 25. Bd6 Qg5 26. Rc7 Bc8 27. Qh5 Qxh5
28. Nxh5 Bf8 29. Nf6+ Nxf6 30. exf6 Kh8 1-0

[Event "Michigan Action"]
[Site "Warren, MI"]
[Date "2001.12.08"]
[Round "5.8"]
[White "Skidmore, Mike"]
[Black "Johnson, Johnny"]
[Result "0-1"]
[WhiteElo "1841"]
[BlackElo "1476"]
[PlyCount "43"]
[EventDate "2001.12.08"]

1. e4 c5 2. d4 d6 3. c3 Nf6 4. Bd3 Nbd7 5. f4 e6 6. Nf3 Qb6 7. Nbd2 Be7 8. O-O
O-O 9. e5 dxe5 10. fxe5 Nd5 11. Ne4 a5 12. Kh1 f5 13. exf6 N7xf6 14. dxc5 Bxc5
15. Nxc5 Qxc5 16. Qc2 Bd7 17. Ne5 Qd6 18. Nxd7 Qxd7 19. Bf4 Rac8 20. a3 Nxf4
21. Rxf4 Qd6 22. Raf1 0-1

[Event "Michigan Action"]
[Site "Warren, MI"]
[Date "2001.12.08"]
[Round "5.3"]
[White "Santiago, Reynaldo"]
[Black "Vlacic, Sretko"]
[Result "1-0"]
[WhiteElo "2009"]
[BlackElo "1611"]
[PlyCount "30"]
[EventDate "2001.12.08"]

1. e4 e6 2. d4 d5 3. e5 c5 4. c3 Ne7 5. Nf3 Nec6 6. a3 a5 7. Be2 Nd7 8. O-O Be7
9. Be3 O-O 10. Re1 b6 11. Bd3 f6 12. exf6 Nxf6 13. Nbd2 Qe8 14. Bb5 Bd7 15. Bg5
Ne4 1-0

[Event "Michigan Action"]
[Site "Warren, MI"]
[Date "2001.12.08"]
[Round "2.4"]
[White "Santiago, Reynaldo"]
[Black "Laurin, Edward"]
[Result "0-1"]
[WhiteElo "2009"]
[BlackElo "1686"]
[PlyCount "82"]
[EventDate "2001.12.08"]

1. e4 d6 2. d4 Nf6 3. Nc3 g6 4. f3 Nbd7 5. Be3 Bg7 6. Qd2 O-O 7. Bh6 c5 8. Nge2
a6 9. h4 Nb6 10. b3 e6 11. g4 Nfd7 12. Bxg7 Kxg7 13. h5 g5 14. h6+ Kg8 15.
O-O-O c4 16. f4 cxb3 17. axb3 a5 18. Kb2 a4 19. Ra1 axb3 20. Rxa8 Nc4+ 21. Kc1
Nxd2 22. Kxd2 gxf4 23. Rh5 e5 24. d5 Nb6 25. Ra1 Nc4+ 26. Ke1 Qb6 27. Rg5+ Kh8
28. Bh3 bxc2 29. Ra8 c1=Q+ 30. Nxc1 Qe3+ 31. N1e2 f3 32. Ra4 fxe2 33. Rh5 Qg3+
34. Kxe2 Bxg4+ 35. Bxg4 Qxg4+ 36. Kd3 Qxh5 37. Rxc4 Qxh6 38. Rc7 f6 39. Rxb7
Rc8 40. Rd7 Qh3+ 41. Ke2 Qxd7 0-1

[Event "Michigan Action"]
[Site "Warren, MI"]
[Date "2001.12.08"]
[Round "1.7"]
[White "Obukhov, Dmitriy"]
[Black "Johnson, Johnny"]
[Result "1/2-1/2"]
[WhiteElo "2079"]
[BlackElo "1476"]
[PlyCount "42"]
[EventDate "2001.12.08"]

1. d4 Nf6 2. c4 c6 3. Nc3 e6 4. e4 d6 5. Be3 Be7 6. g3 Qa5 7. Bg2 Qb4 8. Qb3
Na6 9. Nge2 Qxb3 10. axb3 Nb4 11. O-O-O Ng4 12. Kd2 h5 13. f4 Nxe3 14. Kxe3 g5
15. e5 d5 16. Nc1 Bd7 17. Bf1 gxf4+ 18. gxf4 O-O-O 19. Bh3 f5 20. exf6 Bxf6 21.
N3e2 Nc2+ 1/2-1/2

[Event "Michigan Action"]
[Site "Warren, MI"]
[Date "2001.12.08"]
[Round "1.12"]
[White "Moss, Robert"]
[Black "Mitchell, Robert"]
[Result "1-0"]
[WhiteElo "1596"]
[BlackElo "1045"]
[PlyCount "51"]
[EventDate "2001.12.08"]

1. d4 d5 2. c4 e6 3. Nc3 Nf6 4. Bg5 Be7 5. e3 O-O 6. Bd3 dxc4 7. Bxc4 h6 8. Bh4
c6 9. Nf3 Bb4 10. Rc1 b5 11. Bb3 Qa5 12. O-O Bxc3 13. Rxc3 Ne4 14. Rc2 Ba6 15.
Qd3 Nd6 16. Rfc1 b4 17. Qd1 Rc8 18. Ne5 Bb7 19. Qf3 Qb6 20. Be7 Nf5 21. Bc5 Qa6
22. e4 Nxd4 23. Qxf7+ Kh8 24. Bxd4 c5 25. Ng6+ Kh7 26. Qxg7# 1-0

[Event "Michigan Action"]
[Site "Warren, MI"]
[Date "2001.12.08"]
[Round "4.11"]
[White "Mose, Greg"]
[Black "Gadson, Joseph"]
[Result "0-1"]
[WhiteElo "1527"]
[BlackElo "1485"]
[PlyCount "43"]
[EventDate "2001.12.08"]

1. e4 e5 2. Nf3 Nc6 3. Bb5 Nf6 4. O-O Bc5 5. c3 O-O 6. d4 Bb6 7. Re1 exd4 8.
cxd4 h6 9. Nc3 d6 10. e5 dxe5 11. dxe5 Qxd1 12. Rxd1 Ng4 13. Ne4 Ncxe5 14. Nxe5
Nxe5 15. Be3 Bxe3 16. fxe3 Ng4 17. Re1 c6 18. Bd3 Re8 19. Rad1 f5 20. Nd6 Rxe3
21. Rxe3 Nxe3 22. Rd2 0-1

[Event "Michigan Action"]
[Site "Warren, MI"]
[Date "2001.12.08"]
[Round "2.5"]
[White "Mose, Greg"]
[Black "Baze, Lineas"]
[Result "0-1"]
[WhiteElo "1527"]
[BlackElo "2004"]
[PlyCount "56"]
[EventDate "2001.12.08"]

1. e4 c5 2. Nf3 Nc6 3. d4 cxd4 4. Nxd4 Nf6 5. Nc3 e5 6. Nb3 Bb4 7. Bd2 Bxc3 8.
Bxc3 Nxe4 9. Qd3 Nxc3 10. Qxc3 O-O 11. O-O-O d5 12. h3 Bf5 13. g4 Be4 14. Rg1
Rc8 15. Bg2 Nb4 16. Nc5 Nxa2+ 17. Kb1 Nxc3+ 18. bxc3 Rxc5 19. Bxe4 Qb6+ 20. Kc1
dxe4 21. Rg3 Ra5 22. Re3 Ra1+ 23. Kd2 Rd8+ 24. Ke2 Raxd1 25. Rd3 exd3+ 26. Kxd1
Qb1+ 27. Kd2 Qxc2+ 28. Ke1 Qe2# 0-1

[Event "Michigan Action"]
[Site "Warren, MI"]
[Date "2001.12.08"]
[Round "4.6"]
[White "Laurin, Edward"]
[Black "Skidmore, Mike"]
[Result "1-0"]
[WhiteElo "1555"]
[BlackElo "1841"]
[PlyCount "71"]
[EventDate "2001.12.08"]

1. e4 c6 2. d4 d5 3. Nc3 e6 4. Nf3 Nd7 5. Bd3 dxe4 6. Nxe4 Ngf6 7. O-O Be7 8.
Bf4 O-O 9. Ne5 Nd5 10. Ng5 Bxg5 11. Bxh7+ Kxh7 12. Qh5+ Kg8 13. Bxg5 N7f6 14.
Qh4 Re8 15. Ng4 Qa5 16. Nxf6+ Nxf6 17. Bxf6 gxf6 18. Qxf6 Qf5 19. Qxf5 exf5 20.
Rfe1 Be6 21. Re3 Kg7 22. Rae1 Kf6 23. c4 Bd7 24. Rxe8 Rxe8 25. Rxe8 Bxe8 26. h4
Bd7 27. Kh2 Kg6 28. g3 Kh5 29. Kg2 b5 30. cxb5 cxb5 31. Kf3 Bc6+ 32. Kf4 Be4
33. Ke5 Kg4 34. d5 Kf3 35. d6 Bc6 36. h5 1-0

[Event "Michigan Action"]
[Site "Warren, MI"]
[Date "2001.12.08"]
[Round "3.4"]
[White "Laurin, Edward"]
[Black "Baze, Lineas"]
[Result "1-0"]
[WhiteElo "1636"]
[BlackElo "2004"]
[PlyCount "69"]
[EventDate "2001.12.08"]

1. e4 c5 2. Nc3 Nc6 3. Bc4 e6 4. Nf3 a6 5. d3 b5 6. Bb3 Na5 7. Bf4 Bb7 8. Ne2
d5 9. exd5 exd5 10. a3 Nf6 11. O-O Be7 12. Re1 O-O 13. Nd2 Nxb3 14. Nxb3 d4 15.
Ng3 Nd5 16. Nf5 Rc8 17. Nxe7+ Nxe7 18. Qg4 Ng6 19. Re2 Nxf4 20. Qxf4 Qd5 21.
Qe4 Qxe4 22. dxe4 Rfd8 23. Rd1 Kf8 24. f3 Ke7 25. Red2 f6 26. c3 dxc3 27. Rxd8
Rxd8 28. Rxd8 Kxd8 29. bxc3 c4 30. Nc5 Bc8 31. Kf2 Kc7 32. Ke3 Kc6 33. Kd4 a5
34. a4 bxa4 35. Nxa4 1-0

[Event "Michigan Action"]
[Site "Warren, MI"]
[Date "2001.12.08"]
[Round "1.11"]
[White "Kaercher, Ken"]
[Black "Vlacic, Sretko"]
[Result "0-1"]
[WhiteElo "1124"]
[BlackElo "1611"]
[PlyCount "38"]
[EventDate "2001.12.08"]

1. e4 e6 2. Nf3 d5 3. exd5 exd5 4. d4 Bg4 5. Be2 Bd6 6. Be3 Nf6 7. Nbd2 O-O 8.
Ne5 Bf5 9. Ndf3 Nbd7 10. O-O Re8 11. Nxd7 Qxd7 12. Bd3 Bg4 13. c3 c6 14. h3 Bh5
15. g4 Nxg4 16. hxg4 Qxg4+ 17. Kh1 Qh3+ 18. Kg1 Bxf3 19. Bxh7+ Qxh7 0-1

[Event "Michigan Action"]
[Site "Warren, MI"]
[Date "2001.12.08"]
[Round "6.7"]
[White "Johnson, Johnny"]
[Black "Vlacic, Sretko"]
[Result "0-1"]
[WhiteElo "1476"]
[BlackElo "1611"]
[PlyCount "75"]
[EventDate "2001.12.08"]

1. d4 e6 2. e4 d5 3. exd5 exd5 4. Be3 Bd6 5. Bd3 Nc6 6. c3 Nf6 7. Ne2 Qe7 8. h3
Ne4 9. Bxe4 dxe4 10. O-O O-O 11. c4 Qh4 12. c5 Be7 13. f4 f5 14. Nbc3 Be6 15.
Qa4 Bf7 16. d5 Nb8 17. Rad1 Bh5 18. Bf2 Qf6 19. Qd4 Qa6 20. g4 fxg4 21. Qxe4 g3
22. Bxg3 Bxc5+ 23. Bf2 Nd7 24. Qe6+ Qxe6 25. dxe6 Bxf2+ 26. Rxf2 Nc5 27. Rd5
Bxe2 28. Rxe2 b6 29. Nd1 Rxf4 30. e7 Kf7 31. a3 Re8 32. b4 Ne4 33. Rd7 c5 34.
Rxa7 c4 35. b5 c3 36. Rc7 g5 37. Nxc3 Nc5 38. Rf2 0-1

[Event "Michigan Action"]
[Site "Warren, MI"]
[Date "2001.12.08"]
[Round "2.10"]
[White "Johnson, Johnny"]
[Black "Gross, Ben"]
[Result "1/2-1/2"]
[WhiteElo "1476"]
[BlackElo "1427"]
[PlyCount "69"]
[EventDate "2001.12.08"]

1. d4 Nf6 2. Nf3 e6 3. b3 c5 4. Bb2 d5 5. e3 Nc6 6. Be2 Bd6 7. O-O O-O 8. Nbd2
Re8 9. Bb5 Qc7 10. dxc5 Be7 11. b4 a6 12. Bxc6 bxc6 13. Be5 Qb7 14. a3 a5 15.
c3 Ng4 16. Bg3 Bf6 17. Nd4 e5 18. Ne2 axb4 19. cxb4 e4 20. Nd4 Ne5 21. Bxe5
Bxe5 22. f4 exf3 23. Qxf3 Be6 24. Ra2 Qc7 25. g3 Ra4 26. Kh1 Rea8 27. Nxe6 fxe6
28. Qg4 Qe7 29. Nf3 Bf6 30. Nd4 Bxd4 31. exd4 Rxa3 32. Re2 Ra1 33. Rfe1 Rxe1+
34. Rxe1 Re8 35. Qf4 1/2-1/2

[Event "Michigan Action"]
[Site "Warren, MI"]
[Date "2001.12.08"]
[Round "4.9"]
[White "Gross, Ben"]
[Black "Obukhov, Dmitriy"]
[Result "1/2-1/2"]
[WhiteElo "1427"]
[BlackElo "2079"]
[PlyCount "73"]
[EventDate "2001.12.08"]

1. d4 Nf6 2. Nf3 g6 3. Nc3 Bg7 4. e4 d6 5. h3 O-O 6. Be3 Nbd7 7. Qd2 e5 8. d5
b6 9. O-O-O Nc5 10. Bd3 Nxd3+ 11. cxd3 Ba6 12. d4 Nd7 13. Bh6 exd4 14. Bxg7
Kxg7 15. Nxd4 Nc5 16. Nc6 Qf6 17. f4 Nd3+ 18. Kc2 Qxf4 19. b4 Qxd2+ 20. Rxd2
Ne5 21. b5 Nxc6 22. dxc6 Bc8 23. Nd5 a6 24. Nxc7 Ra7 25. Nxa6 Bxa6 26. bxa6
Rxa6 27. Kb3 Rfa8 28. Ra1 Ra5 29. Rxd6 Rb5+ 30. Kc4 Rc5+ 31. Kb4 Raa5 32. a4
Ra8 33. c7 Rxc7 34. Rxb6 Re8 35. Re1 Rce7 36. a5 Rxe4+ 37. Rxe4 1/2-1/2

[Event "Michigan Action"]
[Site "Warren, MI"]
[Date "2001.12.08"]
[Round "2.3"]
[White "Gillom, Donte"]
[Black "Wilson, Vester"]
[Result "0-1"]
[WhiteElo "1574"]
[BlackElo "2135"]
[PlyCount "42"]
[EventDate "2001.12.08"]

1. d4 d5 2. c4 dxc4 3. Nc3 e5 4. d5 c6 5. e4 b5 6. a3 a6 7. Nf3 Nf6 8. Bg5 Be7
9. dxc6 Nxc6 10. Qxd8+ Bxd8 11. Bxf6 gxf6 12. Rd1 Bg4 13. Be2 Rg8 14. O-O Bh3
15. Ne1 Nd4 16. f3 Ba5 17. Rf2 Bb6 18. Kf1 Be6 19. f4 Nxe2 20. Rxe2 Bg4 21. Nf3
Bxf3 0-1

[Event "Michigan Action"]
[Site "Warren, MI"]
[Date "2001.12.08"]
[Round "6.4"]
[White "Baze, Lineas"]
[Black "Gross, Ben"]
[Result "1-0"]
[WhiteElo "2004"]
[BlackElo "1427"]
[PlyCount "96"]
[EventDate "2001.12.08"]

1. e4 d6 2. d4 Nf6 3. Nc3 g6 4. f4 Bg7 5. Nf3 O-O 6. Be2 c5 7. d5 Bg4 8. O-O a6
9. a4 Nbd7 10. h3 Bxf3 11. Bxf3 Rb8 12. a5 Ne8 13. Qe2 Nc7 14. g4 e5 15. f5 Qh4
16. Kh2 Bh6 17. Bxh6 Qxh6 18. Bg2 g5 19. f6 Nxf6 20. Rf5 Qg7 21. Raf1 Nd7 22.
R5f2 h6 23. Qf3 b5 24. axb6 Nxb6 25. Qf6 Ne8 26. Qe7 Nc4 27. b3 Ne3 28. Re1
Nxg2 29. Kxg2 Ra8 30. Na4 f6 31. Qe6+ Qf7 32. Qf5 Ng7 33. Qf3 Rab8 34. Ref1 Ne8
35. Qd3 Qb7 36. Ra1 Qb5 37. Qf3 c4 38. Nc3 Qc5 39. Na4 Qb4 40. Rb1 Nc7 41. Qf5
cxb3 42. Qg6+ Kh8 43. Qxh6+ Kg8 44. Qg6+ Kh8 45. Rxb3 Qxa4 46. Rxb8 Rxb8 47.
Qxf6+ Kg8 48. Qxg5+ Kh7 1-0

[Event "Michigan Action"]
[Site "Warren, MI"]
[Date "2001.12.08"]
[Round "1.6"]
[White "Baze, Lineas"]
[Black "Cox, Nick"]
[Result "1-0"]
[WhiteElo "2004"]
[BlackElo "1500"]
[PlyCount "72"]
[EventDate "2001.12.08"]

1. e4 c5 2. Nf3 d6 3. d4 cxd4 4. Nxd4 Nf6 5. Nc3 g6 6. Be2 Bg7 7. O-O O-O 8.
Nb3 Nc6 9. f4 Bd7 10. Kh1 Qb6 11. f5 Ne5 12. Bg5 Bc6 13. Bxf6 Bxf6 14. Nd5 Bxd5
15. Qxd5 Rac8 16. c3 Nd7 17. Rf3 Bg7 18. fxg6 hxg6 19. Qg5 Ne5 20. Rh3 Qf2 21.
Nd4 Qf6 22. Qg3 e6 23. Rf1 Qe7 24. Rd1 Rfd8 25. Qf2 a6 26. b3 Qg5 27. c4 Ng4
28. Qg1 Qf4 29. Bxg4 Qxg4 30. Re1 d5 31. Rg3 Qf4 32. Rf3 Qh4 33. g3 Qg4 34. Rf4
Qh3 35. Rh4 Qxh4 36. gxh4 dxc4 1-0

[Event "GCCC December Action Mini-Swiss.1"]
[Site "Flint, MI"]
[Date "2001.12.12"]
[Round "3.1"]
[White "Randall, Paul"]
[Black "Aldrich, Jeff"]
[Result "1/2-1/2"]
[WhiteElo "1984"]
[BlackElo "1906"]
[PlyCount "27"]
[EventDate "2001.12.12"]

1. d4 d5 2. c4 c6 3. e3 Nf6 4. Nf3 e6 5. Nc3 Be7 6. Qc2 Nbd7 7. Bd3 dxc4 8.
Bxc4 b5 9. Bd3 Bb7 10. O-O a6 11. e4 c5 12. e5 Nd5 13. Nxd5 Bxd5 14. Be4
1/2-1/2

[Event "GCCC December Action Mini-Swiss.1"]
[Site "Flint, MI"]
[Date "2001.12.12"]
[Round "2.2"]
[White "Aldrich, Jeff"]
[Black "Maul, Tim"]
[Result "1-0"]
[WhiteElo "1906"]
[BlackElo "1547"]
[PlyCount "39"]
[EventDate "2001.12.12"]

1. d4 d6 2. c4 Nf6 3. Nc3 Nbd7 4. e4 e5 5. d5 Nc5 6. f3 a5 7. Nge2 Be7 8. Ng3
Bd7 9. Be2 O-O 10. O-O Ne8 11. f4 exf4 12. Bxf4 Bg5 13. Qd2 Bxf4 14. Qxf4 Qf6
15. Qe3 Qe5 16. Rf2 Nf6 17. Raf1 Rae8 18. Rxf6 gxf6 19. Nh5 Bf5 20. Qh6 1-0

[Event "GCCC December Action Mini-Swiss.1"]
[Site "Flint, MI"]
[Date "2001.12.12"]
[Round "1.3"]
[White "Aldrich, Jeff"]
[Black "Hershberger, Kent"]
[Result "1-0"]
[WhiteElo "1906"]
[BlackElo "1589"]
[PlyCount "49"]
[EventDate "2001.12.12"]

1. d4 Nf6 2. c4 e6 3. Nc3 Bb4 4. Qc2 c5 5. dxc5 Bxc5 6. Nf3 d5 7. e3 O-O 8. Bd3
Nc6 9. a3 h6 10. O-O d4 11. Na4 Be7 12. Rd1 e5 13. h3 Kh8 14. exd4 Nxd4 15.
Nxd4 Qxd4 16. Be3 Qh4 17. Bf1 Be6 18. b3 b6 19. Nc3 Rad8 20. f3 Nh5 21. Bf2 Qg5
22. Ne4 Qg6 23. Kh1 Nf4 24. Qc3 f6 25. b4 1-0

[Event "Michigan Women's"]
[Site "Warren, MI"]
[Date "2001.12.15"]
[Round "3.5"]
[White "Taliaferro, Nataiya"]
[Black "Gurski, Christina"]
[Result "0-1"]
[WhiteElo "443"]
[BlackElo "1107"]
[PlyCount "30"]
[EventDate "2001.12.15"]

1. e4 e5 2. d3 Nc6 3. Nf3 Nf6 4. Nc3 Bc5 5. Bg5 d6 6. Bxf6 Qxf6 7. Be2 O-O 8.
Nb5 Bb6 9. d4 exd4 10. Nfxd4 Bxd4 11. Nxd4 Nxd4 12. O-O Nc6 13. Qe1 Qg6 14. Qd1
Bh3 15. Bh5 Qxg2# 0-1